Management Information Systems,; Managing The Digital Firm (Record no. 4609)

MARC details
005 - DATE AND TIME OF LATEST TRANSACTION
control field 20250623081931.0
020 ## - INTERNATIONAL STANDARD BOOK NUMBER
International Standard Book Number 978-81-317-8746-5
082 ## - DEWEY DECIMAL CLASSIFICATION NUMBER
Classification number 658.1LAU
100 ## - MAIN ENTRY--PERSONAL NAME
Author name Laudon C. Kenneth
245 ## - TITLE STATEMENT
Title Management Information Systems,; Managing The Digital Firm
250 ## - EDITION STATEMENT
Edition statement 12th Ed
260 ## - PUBLICATION, DISTRIBUTION, ETC.
Place of publication, distribution, etc. New York,
Name of publisher, distributor, etc. Dorling Kindersley,
Date of publication, distribution, etc. 2013.
300 ## - PHYSICAL DESCRIPTION
Extent xxxi,493p,:illl, table, figure, picture,
Other physical details Glossary, Index,
Dimensions 25cm.
700 ## - ADDED ENTRY--PERSONAL NAME
Other authors/Editors Laudon P. Jane
942 ## - ADDED ENTRY ELEMENTS (KOHA)
Source of classification or shelving scheme Dewey Decimal Classification
Koha item type Books
Holdings
Date last seen Total checkouts Full call number Barcode Cost, replacement price Price effective from Koha item type Lost status Source of classification or shelving scheme Damaged status Not for loan Withdrawn status Home library Current library Shelving location Date acquired Cost, normal purchase price
06/23/2025   658.1LAU DOM0004081 225000.00 06/23/2025 Books   Dewey Decimal Classification       CBE Dodoma CBE Dodoma Special Reserve Collection 10/24/2017 75000.00
06/27/2025   658.4038LAU DOM0001265 225000.00 06/27/2025 Books   Dewey Decimal Classification       CBE Dodoma CBE Dodoma General Collection 10/24/2017 75000.00